[Event "ESTCC 65 2019"]
[Site "Mali Losinj"]
[Date "2019.09.24"]
[Round "7.10"]
[White "Westerinen, Heikki M.J."]
[Black "Wademark, Helge"]
[Result "1-0"]
[WhiteElo "2296"]
[BlackElo "1994"]
[Annotator "NA"]
[PlyCount "55"]
[EventDate "2019.09.18"]
[EventType "team-tourn"]
[EventCountry "CRO"]
[SourceTitle "playchess.com"]
[Source "ChessBase"]
[SourceQuality "1"]
[WhiteTeam "Finland"]
[BlackTeam "Sweden"]
[WhiteTeamCountry "FIN"]
[BlackTeamCountry "SWE"]
[TimeControl "40/5400+30:1800+30"]

1. e4 {[%emt 0:00:30]} e6 {[%emt 0:00:30]} 2. d4 {[%emt 0:00:30]} d5 {[%emt 0:00:00]} 3. Nd2 {[%emt 0:00:00]} a6 {[%emt 0:00:00]} 4. Ngf3 {[%emt 0:05:00]} c5 {[%emt 0:01:30]} 5. exd5 {[%emt 0:00:30]} Qxd5 {[%emt 0:01:30]} 6. Nc4 {[%emt 0:08:30]} Nd7 {[%emt 0:08:30]} 7. Ne3 {[%emt 0:07:30]} Qc6 {[%emt 0:02:30]} 8. d5 {[%emt 0:10:30]} exd5 {[%emt 0:03:30]} 9. Qxd5 {[%emt 0:06:30]} Ne7 {[%emt 0:03:30]} 10. Qxc6 {[%emt 0:00:30]} Nxc6 {[%emt 0:00:30]} 11. Nd5 {[%emt 0:01:30]} Bd6 {[%emt 0:01:30]} 12. Be3 {[%emt 0:05:30]} Ne7 {[%emt 0:10:30]} 13. O-O-O {[%emt 0:01:30]} Nxd5 {[%emt 0:08:30]} 14. Rxd5 {[%emt 0:00:30]} Be7 {[%emt 0:00:00]} 15. Rd2 {[%emt 0:14:30]} b6 {[%emt 0:03:00]} 16. Bc4 {[%emt 0:01:30]} Ra7 {[%emt 0:04:30]} 17. Re1 {[%emt 0:02:30]} O-O {[%emt 0:11:30]} 18. Bf4 {[%emt 0:02:30]} Bf6 {[%emt 0:01:30]} 19. Bd6 {[%emt 0:01:30]} Rd8 {[%emt 0:00:00]} 20. Rde2 {[%emt 0:14:04]} Nf8 {[%emt 0:04:00]} 21. Be7 {[%emt 0:01:10]} Bxe7 {[%emt 0:13:35]} 22. Rxe7 {[%emt 0:00:02]} Rxe7 {[%emt 0:00:25]} 23. Rxe7 {[%emt 0:00:10]} Ne6 {[%emt 0:00:30]} 24. Ne5 {[%emt 0:02:27]} Rf8 {[%emt 0:05:23]} 25. Nxf7 {[%emt 0:01:26]} Rxf7 {[%emt 0:01:53]} 26. Re8+ {[%emt 0:01:07]} Rf8 {[%emt 0:00:28]} 27. Rxc8 {[%emt 0:00:21]} Kf7 {[%emt 0:00:14]} 28. Bxe6+ {[%emt 0:00:34]} 1-0

[Event "ESTCC 65 2019"]
[Site "Mali Losinj"]
[Date "2019.09.24"]
[Round "7.11"]
[White "Bernhardsson, Sten"]
[Black "Kivimaki, Jaakko"]
[Result "1-0"]
[WhiteElo "1956"]
[BlackElo "2195"]
[Annotator "NA"]
[PlyCount "41"]
[EventDate "2019.09.18"]
[EventType "team-tourn"]
[EventCountry "CRO"]
[SourceTitle "playchess.com"]
[Source "ChessBase"]
[SourceQuality "1"]
[WhiteTeam "Sweden"]
[BlackTeam "Finland"]
[WhiteTeamCountry "SWE"]
[BlackTeamCountry "FIN"]
[TimeControl "40/5400+30:1800+30"]

1. d4 {[%emt 0:00:30]} d5 {[%emt 0:00:30]} 2. Nf3 {[%emt 0:00:00]} c5 {[%emt 0:00:00]} 3. c4 {[%emt 0:00:00]} dxc4 {[%emt 0:00:00]} 4. e3 {[%emt 0:00:30]} cxd4 {[%emt 0:00:30]} 5. Bxc4 {[%emt 0:00:30]} Qc7 {[%emt 0:00:00]} 6. Qb3 {[%emt 0:04:30]} e6 {[%emt 0:00:00]} 7. exd4 {[%emt 0:02:30]} Nf6 {[%emt 0:00:30]} 8. O-O {[%emt 0:01:30]} Nc6 {[%emt 0:00:30]} 9. Bb5 {[%emt 0:20:30]} Bd7 {[%emt 0:02:30]} 10. Nc3 {[%emt 0:03:30]} Be7 {[%emt 0:03:30]} 11. Bg5 {[%emt 0:01:30]} O-O {[%emt 0:03:30]} 12. Rac1 {[%emt 0:04:30]} Ng4 {[%emt 0:12:30]} 13. Ne4 {[%emt 0:07:30]} Bxg5 {[%emt 0:17:30]} 14. Nexg5 {[%emt 0:00:30]} Qd6 {[%emt 0:03:30]} 15. Qd3 {[%emt 0:08:30]} Nf6 {[%emt 0:00:30]} 16. Bxc6 {[%emt 0:02:30]} Bxc6 {[%emt 0:00:30]} 17. Ne5 {[%emt 0:00:30]} Bd5 {[%emt 0:01:30]} 18. Ng4 {[%emt 0:01:30]} Ne4 {[%emt 0:01:30]} 19. Nxe4 {[%emt 0:00:30]} Bxe4 {[%emt 0:00:30]} 20. Qxe4 {[%emt 0:00:30]} f5 {[%emt 0:00:30]} 21. Qe5 {[%emt 0:00:00]} 1-0

[Event "ESTCC 65 2019"]
[Site "Mali Losinj"]
[Date "2019.09.24"]
[Round "7.12"]
[White "Vinke, Dietmar"]
[Black "Nordenstrom, Sven"]
[Result "1-0"]
[WhiteElo "2129"]
[BlackElo "1874"]
[Annotator "NA"]
[PlyCount "65"]
[EventDate "2019.09.18"]
[EventType "team-tourn"]
[EventCountry "CRO"]
[SourceTitle "playchess.com"]
[Source "ChessBase"]
[SourceQuality "1"]
[WhiteTeam "Finland"]
[BlackTeam "Sweden"]
[WhiteTeamCountry "FIN"]
[BlackTeamCountry "SWE"]
[TimeControl "40/5400+30:1800+30"]

1. d4 {[%emt 0:00:30]} d5 {[%emt 0:00:30]} 2. Nf3 {[%emt 0:00:00]} c6 {[%emt 0:00:30]} 3. g3 {[%emt 0:00:00]} e6 {[%emt 0:00:30]} 4. Bg2 {[%emt 0:00:30]} Nf6 {[%emt 0:00:30]} 5. O-O {[%emt 0:00:00]} Be7 {[%emt 0:00:30]} 6. b3 {[%emt 0:00:00]} O-O {[%emt 0:00:30]} 7. Bb2 {[%emt 0:00:30]} Nbd7 {[%emt 0:08:30]} 8. e3 {[%emt 0:10:30]} b6 {[%emt 0:05:30]} 9. c4 {[%emt 0:05:30]} Bb7 {[%emt 0:04:30]} 10. Nbd2 {[%emt 0:11:30]} Rc8 {[%emt 0:02:30]} 11. Rc1 {[%emt 0:00:30]} Re8 {[%emt 0:06:30]} 12. Re1 {[%emt 0:03:30]} c5 {[%emt 0:06:30]} 13. cxd5 {[%emt 0:10:30]} exd5 {[%emt 0:01:30]} 14. Ne5 {[%emt 0:03:30]} Rc7 {[%emt 0:10:30]} 15. a3 {[%emt 0:18:30]} Bd6 {[%emt 0:05:30]} 16. Nxd7 {[%emt 0:06:30]} Nxd7 {[%emt 0:03:30]} 17. Nb1 {[%emt 0:04:30]} cxd4 {[%emt 0:05:30]} 18. Rxc7 {[%emt 0:02:30]} Bxc7 {[%emt 0:00:30]} 19. Bxd4 {[%emt 0:00:31]} Be5 {[%emt 0:00:30]} 20. Nc3 {[%emt 0:00:29]} Bxd4 {[%emt 0:01:30]} 21. Qxd4 {[%emt 0:00:30]} Nc5 {[%emt 0:02:30]} 22. b4 {[%emt 0:00:50]} Ne4 {[%emt 0:11:30]} 23. Nxe4 {[%emt 0:01:26]} dxe4 {[%emt 0:00:30]} 24. Rd1 {[%emt 0:00:03]} Qxd4 {[%emt 0:00:30]} 25. Rxd4 {[%emt 0:00:02]} f5 {[%emt 0:00:00]} 26. Rd7 {[%emt 0:00:22]} Rb8 {[%emt 0:00:00]} 27. Bf1 {[%emt 0:00:35]} h6 {[%emt 0:04:03]} 28. h4 {[%emt 0:01:57]} a5 {[%emt 0:01:55]} 29. b5 {[%emt 0:03:41]} Kh7 {[%emt 0:01:54]} 30. h5 {[%emt 0:02:15]} Ba8 {[%emt 0:00:37]} 31. Rd6 {[%emt 0:00:22]} Rc8 {[%emt 0:00:41]} 32. Rxb6 {[%emt 0:01:09]} Bd5 {[%emt 0:02:58]} 33. Bh3 {[%emt 0:01:31]} 1-0

[Event "ESTCC 65 2019"]
[Site "Mali Losinj"]
[Date "2019.09.24"]
[Round "7.13"]
[White "Rooze, Jan"]
[Black "Quinn, John M"]
[Result "0-1"]
[WhiteElo "2281"]
[BlackElo "2105"]
[Annotator "NA"]
[PlyCount "80"]
[EventDate "2019.09.18"]
[EventType "team-tourn"]
[EventCountry "CRO"]
[SourceTitle "playchess.com"]
[Source "ChessBase"]
[SourceQuality "1"]
[WhiteTeam "Belgium"]
[BlackTeam "England"]
[WhiteTeamCountry "BEL"]
[BlackTeamCountry "ENG"]
[TimeControl "40/5400+30:1800+30"]

1. e4 {[%emt 0:00:30]} c5 {[%emt 0:00:30]} 2. Nf3 {[%emt 0:00:00]} e6 {[%emt 0:00:00]} 3. d4 {[%emt 0:00:00]} cxd4 {[%emt 0:00:00]} 4. Nxd4 {[%emt 0:00:00]} Nc6 {[%emt 0:00:00]} 5. Nc3 {[%emt 0:00:00]} Qc7 {[%emt 0:00:00]} 6. Be3 {[%emt 0:00:30]} a6 {[%emt 0:00:30]} 7. Qf3 {[%emt 0:00:30]} Nf6 {[%emt 0:06:30]} 8. O-O-O {[%emt 0:03:30]} d6 {[%emt 0:07:30]} 9. Nxc6 {[%emt 0:17:30]} Qxc6 {[%emt 0:07:30]} 10. Be2 {[%emt 0:07:30]} Be7 {[%emt 0:07:30]} 11. Qg3 {[%emt 0:07:30]} O-O {[%emt 0:04:30]} 12. Bh6 {[%emt 0:00:00]} Ne8 {[%emt 0:00:30]} 13. h4 {[%emt 0:04:00]} Kh8 {[%emt 0:04:30]} 14. Bg5 {[%emt 0:00:30]} f6 {[%emt 0:02:30]} 15. Be3 {[%emt 0:03:30]} b5 {[%emt 0:06:30]} 16. Bd3 {[%emt 0:07:30]} b4 {[%emt 0:01:30]} 17. Ne2 {[%emt 0:00:30]} e5 {[%emt 0:00:30]} 18. Kb1 {[%emt 0:05:30]} Be6 {[%emt 0:03:30]} 19. f4 {[%emt 0:02:30]} Nc7 {[%emt 0:03:30]} 20. c4 {[%emt 0:08:30]} Bxc4 {[%emt 0:05:30]} 21. fxe5 {[%emt 0:08:30]} dxe5 {[%emt 0:09:30]} 22. Ka1 {[%emt 0:06:08]} Be6 {[%emt 0:10:50]} 23. Rc1 {[%emt 0:05:37]} Qa4 {[%emt 0:02:14]} 24. Bb1 {[%emt 0:00:08]} Nb5 {[%emt 0:01:05]} 25. Bc5 {[%emt 0:03:23]} Bxc5 {[%emt 0:01:29]} 26. Rxc5 {[%emt 0:00:06]} Rac8 {[%emt 0:01:56]} 27. Rhc1 {[%emt 0:01:54]} Rxc5 {[%emt 0:01:26]} 28. Rxc5 {[%emt 0:00:05]} Qd1 {[%emt 0:00:13]} 29. Qd3 {[%emt 0:01:18]} Rd8 {[%emt 0:01:10]} 30. Qxd1 {[%emt 0:03:03]} Rxd1 {[%emt 0:00:05]} 31. Rc6 {[%emt 0:00:36]} Bg4 {[%emt 0:06:30]} 32. Rxa6 {[%emt 0:00:55]} h5 {[%emt 0:00:14]} 33. a4 {[%emt 0:01:31]} Bxe2 {[%emt 0:01:59]} 34. axb5 {[%emt 0:00:10]} Bxb5 {[%emt 0:00:17]} 35. Ra8+ {[%emt 0:01:47]} Kh7 {[%emt 0:00:06]} 36. Ka2 {[%emt 0:00:04]} Bc4+ {[%emt 0:00:37]} 37. b3 {[%emt 0:00:03]} Rd2+ {[%emt 0:00:03]} 38. Ka1 {[%emt 0:00:06]} Bxb3 {[%emt 0:00:13]} 39. Rb8 {[%emt 0:00:02]} Rd4 {[%emt 0:02:57]} 40. Kb2 {[%emt 0:00:05]} Be6 {[%emt 0:00:17]} 0-1

[Event "ESTCC 65 2019"]
[Site "Mali Losinj"]
[Date "2019.09.24"]
[Round "7.14"]
[White "Hewson, Brian W R"]
[Black "Van Herck, Marcel"]
[Result "1/2-1/2"]
[WhiteElo "2074"]
[BlackElo "2088"]
[Annotator "NA"]
[PlyCount "61"]
[EventDate "2019.09.18"]
[EventType "team-tourn"]
[EventCountry "CRO"]
[SourceTitle "playchess.com"]
[Source "ChessBase"]
[SourceQuality "1"]
[WhiteTeam "England"]
[BlackTeam "Belgium"]
[WhiteTeamCountry "ENG"]
[BlackTeamCountry "BEL"]
[TimeControl "40/5400+30:1800+30"]

1. Nf3 {[%emt 0:00:30]} d5 {[%emt 0:02:30]} 2. d4 {[%emt 0:02:30]} Nf6 {[%emt 0:00:30]} 3. c4 {[%emt 0:00:30]} e6 {[%emt 0:01:30]} 4. Nc3 {[%emt 0:01:30]} c5 {[%emt 0:01:30]} 5. cxd5 {[%emt 0:02:30]} Nxd5 {[%emt 0:00:30]} 6. e4 {[%emt 0:02:30]} Nxc3 {[%emt 0:00:00]} 7. bxc3 {[%emt 0:00:00]} cxd4 {[%emt 0:00:00]} 8. cxd4 {[%emt 0:00:00]} Bb4+ {[%emt 0:00:30]} 9. Bd2 {[%emt 0:00:30]} Bxd2+ {[%emt 0:00:00]} 10. Qxd2 {[%emt 0:00:00]} O-O {[%emt 0:00:00]} 11. Bc4 {[%emt 0:01:00]} Nd7 {[%emt 0:02:30]} 12. O-O {[%emt 0:01:30]} b6 {[%emt 0:04:30]} 13. Qe2 {[%emt 0:19:30]} Bb7 {[%emt 0:01:30]} 14. Ba6 {[%emt 0:03:30]} Bxa6 {[%emt 0:01:30]} 15. Qxa6 {[%emt 0:00:30]} Nf6 {[%emt 0:00:30]} 16. Rfe1 {[%emt 0:01:30]} Qc8 {[%emt 0:06:30]} 17. Qd3 {[%emt 0:05:30]} h6 {[%emt 0:03:30]} 18. Rac1 {[%emt 0:01:30]} Qb7 {[%emt 0:00:30]} 19. Nd2 {[%emt 0:03:30]} Rac8 {[%emt 0:16:30]} 20. f3 {[%emt 0:12:30]} Rxc1 {[%emt 0:01:30]} 21. Rxc1 {[%emt 0:00:30]} Rc8 {[%emt 0:00:00]} 22. Rxc8+ {[%emt 0:10:30]} Qxc8 {[%emt 0:00:00]} 23. Qc4 {[%emt 0:00:00]} Qxc4 {[%emt 0:00:30]} 24. Nxc4 {[%emt 0:00:00]} Ne8 {[%emt 0:08:30]} 25. Kf2 {[%emt 0:00:30]} f6 {[%emt 0:03:30]} 26. Ke3 {[%emt 0:00:30]} Kf7 {[%emt 0:00:30]} 27. Kd3 {[%emt 0:00:30]} Ke7 {[%emt 0:00:00]} 28. Kc3 {[%emt 0:01:30]} Nd6 {[%emt 0:02:00]} 29. a4 {[%emt 0:04:30]} Nxc4 {[%emt 0:00:30]} 30. Kxc4 {[%emt 0:00:00]} a6 {[%emt 0:00:00]} 31. h4 {[%emt 0:05:00]} 1/2-1/2

[Event "ESTCC 65 2019"]
[Site "Mali Losinj"]
[Date "2019.09.24"]
[Round "7.15"]
[White "Van de Wynkele, Herman"]
[Black "Reuben, Stewart"]
[Result "1/2-1/2"]
[WhiteElo "2085"]
[BlackElo "1983"]
[Annotator "NA"]
[PlyCount "114"]
[EventDate "2019.09.18"]
[EventType "team-tourn"]
[EventCountry "CRO"]
[SourceTitle "playchess.com"]
[Source "ChessBase"]
[SourceQuality "1"]
[WhiteTeam "Belgium"]
[BlackTeam "England"]
[WhiteTeamCountry "BEL"]
[BlackTeamCountry "ENG"]
[TimeControl "40/5400+30:1800+30"]

1. e4 {[%emt 0:00:30]} c5 {[%emt 0:00:30]} 2. Ne2 {[%emt 0:00:00]} g6 {[%emt 0:00:00]} 3. d4 {[%emt 0:00:00]} Bg7 {[%emt 0:01:00]} 4. dxc5 {[%emt 0:00:30]} Na6 {[%emt 0:00:30]} 5. Nbc3 {[%emt 0:00:30]} Nxc5 {[%emt 0:03:30]} 6. Be3 {[%emt 0:04:30]} Qa5 {[%emt 0:09:30]} 7. Qd2 {[%emt 0:00:30]} Nf6 {[%emt 0:05:30]} 8. b4 {[%emt 0:02:30]} Qxb4 {[%emt 0:02:30]} 9. Rb1 {[%emt 0:00:30]} Qa3 {[%emt 0:01:30]} 10. Nb5 {[%emt 0:03:30]} Qxa2 {[%emt 0:03:30]} 11. Nec3 {[%emt 0:00:30]} Ncxe4 {[%emt 0:12:30]} 12. Nxa2 {[%emt 0:00:30]} Nxd2 {[%emt 0:00:30]} 13. Kxd2 {[%emt 0:01:30]} Nd5 {[%emt 0:03:30]} 14. c4 {[%emt 0:12:30]} Nxe3 {[%emt 0:00:30]} 15. Nc7+ {[%emt 0:00:30]} Kd8 {[%emt 0:00:30]} 16. Nxa8 {[%emt 0:00:00]} Nxf1+ {[%emt 0:00:30]} 17. Rhxf1 {[%emt 0:00:00]} Bd4 {[%emt 0:10:30]} 18. Nc3 {[%emt 0:01:30]} d6 {[%emt 0:13:30]} 19. Nb5 {[%emt 0:08:30]} Bc5 {[%emt 0:00:30]} 20. Ra1 {[%emt 0:03:30]} Be6 {[%emt 0:06:30]} 21. Kc3 {[%emt 0:04:30]} a6 {[%emt 0:07:00]} 22. Nbc7 {[%emt 0:05:30]} Kd7 {[%emt 0:02:37]} 23. Rfb1 {[%emt 0:02:30]} Kc6 {[%emt 0:04:41]} 24. Rb2 {[%emt 0:03:30]} Rc8 {[%emt 0:01:07]} 25. Rab1 {[%emt 0:06:30]} Bf5 {[%emt 0:00:38]} 26. Nd5 {[%emt 0:08:30]} Rxa8 {[%emt 0:05:24]} 27. Nxe7+ {[%emt 0:00:30]} Kd7 {[%emt 0:00:20]} 28. Rxb7+ {[%emt 0:00:30]} Ke6 {[%emt 0:00:26]} 29. Nd5 {[%emt 0:00:30]} Bxb1 {[%emt 0:01:03]} 30. Nc7+ {[%emt 0:06:30]} Kf6 {[%emt 0:00:05]} 31. Nxa8 {[%emt 0:00:30]} Be4 {[%emt 0:00:17]} 32. Rb8 {[%emt 0:00:30]} Bxg2 {[%emt 0:00:29]} 33. Nc7 {[%emt 0:00:30]} a5 {[%emt 0:00:34]} 34. Rb2 {[%emt 0:03:30]} Kf5 {[%emt 0:01:30]} 35. Na6 {[%emt 0:07:25]} Ba7 {[%emt 0:00:14]} 36. c5 {[%emt 0:06:00]} dxc5 {[%emt 0:02:11]} 37. Nxc5 {[%emt 0:02:25]} Bxc5 {[%emt 0:00:29]} 38. Rb5 {[%emt 0:00:02]} Kf4 {[%emt 0:00:34]} 39. Rxc5 {[%emt 0:00:06]} Kf3 {[%emt 0:01:07]} 40. Rxa5 {[%emt 0:00:09]} Kxf2 {[%emt 0:00:20]} 41. Ra2+ {[%emt 0:30:39]} Kf3 {[%emt 0:30:46]} 42. Ra7 {[%emt 0:00:21]} f5 {[%emt 0:00:23]} 43. Rxh7 {[%emt 0:00:07]} g5 {[%emt 0:00:34]} 44. Kd2 {[%emt 0:00:00]} g4 {[%emt 0:00:00]} 45. Ke1 {[%emt 0:00:00]} Bh3 {[%emt 0:00:00]} 46. Rb7 {[%emt 0:00:00]} f4 {[%emt 0:00:00]} 47. Rb2 {[%emt 0:00:00]} g3 {[%emt 0:00:00]} 48. hxg3 {[%emt 0:00:00]} fxg3 {[%emt 0:00:00]} 49. Ra2 {[%emt 0:00:00]} Bg2 {[%emt 0:00:00]} 50. Ra3+ {[%emt 0:00:00]} Kg4 {[%emt 0:00:00]} 51. Ra7 {[%emt 0:00:00]} Kf3 {[%emt 0:00:00]} 52. Rh7 {[%emt 0:00:00]} Ke3 {[%emt 0:00:00]} 53. Rf7 {[%emt 0:00:00]} Bd5 {[%emt 0:00:00]} 54. Re7+ {[%emt 0:00:00]} Be4 {[%emt 0:00:00]} 55. Kf1 {[%emt 0:00:00]} g2+ {[%emt 0:00:00]} 56. Kg1 {[%emt 0:00:00]} Kf3 {[%emt 0:00:00]} 57. Ra7 {[%emt 0:00:00]} Ke3 {[%emt 0:00:24]} 1/2-1/2

[Event "ESTCC 65 2019"]
[Site "Mali Losinj"]
[Date "2019.09.24"]
[Round "7.16"]
[White "Ewart, Brian R"]
[Black "Schrickx, Frank"]
[Result "1/2-1/2"]
[WhiteElo "1882"]
[BlackElo "1813"]
[Annotator "NA"]
[PlyCount "120"]
[EventDate "2019.09.18"]
[EventType "team-tourn"]
[EventCountry "CRO"]
[SourceTitle "playchess.com"]
[Source "ChessBase"]
[SourceQuality "1"]
[WhiteTeam "England"]
[BlackTeam "Belgium"]
[WhiteTeamCountry "ENG"]
[BlackTeamCountry "BEL"]
[TimeControl "40/5400+30:1800+30"]

1. d4 {[%emt 0:00:30]} d5 {[%emt 0:00:30]} 2. Nf3 {[%emt 0:00:00]} Nf6 {[%emt 0:00:00]} 3. c4 {[%emt 0:00:00]} e6 {[%emt 0:00:00]} 4. g3 {[%emt 0:00:30]} c6 {[%emt 0:00:30]} 5. Bg2 {[%emt 0:00:00]} Be7 {[%emt 0:01:30]} 6. O-O {[%emt 0:00:00]} O-O {[%emt 0:01:30]} 7. b3 {[%emt 0:00:30]} Nbd7 {[%emt 0:01:30]} 8. Bb2 {[%emt 0:00:30]} Ne4 {[%emt 0:05:30]} 9. Ne1 {[%emt 0:01:30]} f5 {[%emt 0:02:30]} 10. f3 {[%emt 0:00:30]} Nef6 {[%emt 0:00:30]} 11. Nd3 {[%emt 0:02:30]} Rb8 {[%emt 0:10:30]} 12. Nd2 {[%emt 0:07:30]} Qe8 {[%emt 0:03:30]} 13. Qc2 {[%emt 0:05:30]} Bd6 {[%emt 0:06:30]} 14. e4 {[%emt 0:07:30]} dxe4 {[%emt 0:06:30]} 15. fxe4 {[%emt 0:00:30]} Ng4 {[%emt 0:00:30]} 16. Rae1 {[%emt 0:16:30]} Qh5 {[%emt 0:05:30]} 17. Nf3 {[%emt 0:05:30]} fxe4 {[%emt 0:07:30]} 18. Rxe4 {[%emt 0:00:30]} Ndf6 {[%emt 0:01:30]} 19. Re2 {[%emt 0:08:30]} Qh6 {[%emt 0:02:30]} 20. Bc1 {[%emt 0:02:30]} Qg6 {[%emt 0:03:30]} 21. Nh4 {[%emt 0:09:30]} Qf7 {[%emt 0:02:30]} 22. Ne5 {[%emt 0:02:30]} Qc7 {[%emt 0:01:30]} 23. Nhf3 {[%emt 0:08:30]} c5 {[%emt 0:03:30]} 24. h3 {[%emt 0:00:30]} Nh6 {[%emt 0:00:30]} 25. g4 {[%emt 0:03:47]} Nf7 {[%emt 0:02:30]} 26. Nxf7 {[%emt 0:01:17]} Rxf7 {[%emt 0:01:30]} 27. Ng5 {[%emt 0:01:24]} Rf8 {[%emt 0:01:30]} 28. Nxe6 {[%emt 0:01:20]} Bxe6 {[%emt 0:01:30]} 29. Rxe6 {[%emt 0:00:30]} cxd4 {[%emt 0:00:30]} 30. g5 {[%emt 0:00:52]} Nh5 {[%emt 0:01:30]} 31. Rxd6 {[%emt 0:06:17]} Qxd6 {[%emt 0:00:30]} 32. Bd5+ {[%emt 0:00:03]} Kh8 {[%emt 0:00:30]} 33. Bf7 {[%emt 0:01:24]} Qg3+ {[%emt 0:02:30]} 34. Qg2 {[%emt 0:00:16]} Qxg2+ {[%emt 0:02:30]} 35. Kxg2 {[%emt 0:00:01]} g6 {[%emt 0:00:30]} 36. Bb2 {[%emt 0:00:17]} Ng7 {[%emt 0:00:30]} 37. Bxd4 {[%emt 0:00:07]} Rbd8 {[%emt 0:00:30]} 38. Bxa7 {[%emt 0:00:35]} Rd7 {[%emt 0:00:30]} 39. Bd5 {[%emt 0:00:24]} Rxf1 {[%emt 0:00:30]} 40. Kxf1 {[%emt 0:00:01]} Nf5 {[%emt 0:01:30]} 41. Kf2 {[%emt 0:30:31]} Kg7 {[%emt 0:30:30]} 42. Bb8 {[%emt 0:00:11]} h6 {[%emt 0:00:30]} 43. Be5+ {[%emt 0:00:14]} Kh7 {[%emt 0:00:00]} 44. Bf6 {[%emt 0:00:53]} hxg5 {[%emt 0:01:00]} 45. Bxg5 {[%emt 0:00:02]} b5 {[%emt 0:01:30]} 46. Be6 {[%emt 0:01:02]} Ra7 {[%emt 0:00:30]} 47. Bxf5 {[%emt 0:02:31]} Rxa2+ {[%emt 0:00:30]} 48. Ke3 {[%emt 0:00:49]} gxf5 {[%emt 0:00:30]} 49. Kd4 {[%emt 0:00:42]} Kg6 {[%emt 0:00:30]} 50. h4 {[%emt 0:00:00]} bxc4 {[%emt 0:01:56]} 51. bxc4 {[%emt 0:00:00]} Kf7 {[%emt 0:00:39]} 52. Kd5 {[%emt 0:00:28]} Ke8 {[%emt 0:00:25]} 53. c5 {[%emt 0:00:18]} Kd7 {[%emt 0:00:33]} 54. c6+ {[%emt 0:00:03]} Kc8 {[%emt 0:00:11]} 55. Bf4 {[%emt 0:00:58]} Rf2 {[%emt 0:03:06]} 56. Bg3 {[%emt 0:01:11]} Rf3 {[%emt 0:00:47]} 57. Be5 {[%emt 0:01:30]} Rf1 {[%emt 0:01:21]} 58. Bg7 {[%emt 0:01:28]} f4 {[%emt 0:00:25]} 59. Ke4 {[%emt 0:00:32]} f3 {[%emt 0:00:22]} 60. Ke3 {[%emt 0:00:32]} f2 {[%emt 0:00:20]} 1/2-1/2

[Event "ESTCC 65 2019"]
[Site "Mali Losinj"]
[Date "2019.09.24"]
[Round "7.17"]
[White "Huss, Andreas"]
[Black "Kolbak, Jens"]
[Result "1/2-1/2"]
[WhiteElo "2261"]
[BlackElo "2173"]
[Annotator "NA"]
[PlyCount "60"]
[EventDate "2019.09.18"]
[EventType "team-tourn"]
[EventCountry "CRO"]
[SourceTitle "playchess.com"]
[Source "ChessBase"]
[SourceQuality "1"]
[WhiteTeam "Switzerland"]
[BlackTeam "Denmark"]
[WhiteTeamCountry "SUI"]
[BlackTeamCountry "DEN"]
[TimeControl "40/5400+30:1800+30"]

1. d4 {[%emt 0:00:30]} Nf6 {[%emt 0:00:30]} 2. c4 {[%emt 0:00:00]} e6 {[%emt 0:00:00]} 3. Nf3 {[%emt 0:00:00]} d5 {[%emt 0:00:00]} 4. Nc3 {[%emt 0:00:30]} Be7 {[%emt 0:01:30]} 5. Bg5 {[%emt 0:00:00]} O-O {[%emt 0:00:30]} 6. e3 {[%emt 0:00:00]} h6 {[%emt 0:00:30]} 7. Bh4 {[%emt 0:00:30]} b6 {[%emt 0:00:30]} 8. Qb3 {[%emt 0:02:30]} Bb7 {[%emt 0:03:30]} 9. Bxf6 {[%emt 0:01:30]} Bxf6 {[%emt 0:00:30]} 10. cxd5 {[%emt 0:00:00]} exd5 {[%emt 0:01:30]} 11. Rd1 {[%emt 0:00:00]} c6 {[%emt 0:01:30]} 12. Bd3 {[%emt 0:01:30]} Na6 {[%emt 0:03:30]} 13. O-O {[%emt 0:03:30]} Nc7 {[%emt 0:05:30]} 14. e4 {[%emt 0:14:30]} dxe4 {[%emt 0:01:30]} 15. Bxe4 {[%emt 0:03:30]} Qd6 {[%emt 0:08:30]} 16. Rfe1 {[%emt 0:09:30]} Rad8 {[%emt 0:17:30]} 17. Qa4 {[%emt 0:06:30]} a6 {[%emt 0:02:30]} 18. Qc2 {[%emt 0:28:30]} Nd5 {[%emt 0:18:30]} 19. Qb3 {[%emt 0:01:30]} b5 {[%emt 0:01:30]} 20. a4 {[%emt 0:01:30]} b4 {[%emt 0:02:30]} 21. Nxd5 {[%emt 0:05:43]} cxd5 {[%emt 0:00:00]} 22. Bd3 {[%emt 0:00:09]} a5 {[%emt 0:01:00]} 23. Bb5 {[%emt 0:03:10]} Rc8 {[%emt 0:01:30]} 24. g3 {[%emt 0:02:41]} Rc7 {[%emt 0:00:30]} 25. Bf1 {[%emt 0:01:35]} Bc8 {[%emt 0:00:30]} 26. Rc1 {[%emt 0:01:11]} Be6 {[%emt 0:00:30]} 27. Rxc7 {[%emt 0:02:43]} Qxc7 {[%emt 0:00:30]} 28. Qe3 {[%emt 0:01:42]} Rc8 {[%emt 0:00:30]} 29. Bd3 {[%emt 0:00:29]} Kf8 {[%emt 0:03:30]} 30. h4 {[%emt 0:01:44]} Bd7 {[%emt 0:04:30]} 1/2-1/2